书目信息 |
| 题名: |
非物质文化遗产的档案价值与开发研究
|
|
| 作者: | 锅艳玲 著 | |
| 分册: | ||
| 出版信息: | 北京 人民出版社 2022.04 |
|
| 页数: | 190页 | |
| 开本: | 24cm | |
| 丛书名: | 学术近知丛书 | |
| 单 册: | ||
| 中图分类: | G279.2 , G122 | |
| 科图分类: | ||
| 主题词: | 非物质文化遗产--档案管理--研究--中国 | |
| 电子资源: | ||
| ISBN: | 978-7-01-024587-4 | |
| 000 | 01347nam0 2200277 450 | |
| 001 | 012001000588 | |
| 005 | 20140131154358.0 | |
| 010 | @a978-7-01-024587-4@dCNY69.00 | |
| 100 | @a20220905d2022 kemy0chiy0110 ea | |
| 101 | 0 | @achi |
| 102 | @aCN@b110000 | |
| 105 | @aa v 000yy | |
| 106 | @ar | |
| 200 | 1 | @a非物质文化遗产的档案价值与开发研究@Afei wu zhi wen hua yi chan de dang an jia zhi yu kai fa yan jiu@d= A study of archival value and development of intangible cultural heritage@f锅艳玲著@zeng |
| 210 | @a北京@c人民出版社@d2022.04 | |
| 215 | @a190页@c图@d24cm | |
| 225 | 1 | @a学术近知丛书@i经济与管理系列 |
| 300 | @a国家社会科学基金项目 “国家非物质文化遗产数字档案资源协同整合机制研究”阶段性成果 | |
| 330 | @a本书以非物质文化遗产的档案价值为切入点,循着提出问题-分析问题-解决问题的逻辑思路,探寻档案价值在非物质文化遗产价值体系中的坐标,结合机理分析和案例讨论,将档案化建设和数字化开发视为非物质文化遗产档案价值实现的主要路径,并在对我国非物质文化遗产数据库建设现状调研的基础上,设计出全国非物质文化遗产档案数据库系统的框架。 | |
| 510 | 1 | @aStudy of archival value and development of intangible cultural heritage@zeng |
| 606 | 0 | @a非物质文化遗产@x档案管理@x研究@y中国 |
| 690 | @aG279.2@v5 | |
| 690 | @aG122@v5 | |
| 701 | 0 | @a锅艳玲@Aguo yan ling@4著 |
| 801 | 0 | @aCN@bAHXH@c20221111 |
| 905 | @b1364665-7@dG279.2@e245@f3 | |
| 非物质文化遗产的档案价值与开发研究= A study of archival value and development of intangible cultural heritage/锅艳玲著.-北京:人民出版社,2022.04 |
| 190页:图;24cm.-(学术近知丛书.经济与管理系列) |
| 国家社会科学基金项目 “国家非物质文化遗产数字档案资源协同整合机制研究”阶段性成果 |
| ISBN 978-7-01-024587-4:CNY69.00 |
| 本书以非物质文化遗产的档案价值为切入点,循着提出问题-分析问题-解决问题的逻辑思路,探寻档案价值在非物质文化遗产价值体系中的坐标,结合机理分析和案例讨论,将档案化建设和数字化开发视为非物质文化遗产档案价值实现的主要路径,并在对我国非物质文化遗产数据库建设现状调研的基础上,设计出全国非物质文化遗产档案数据库系统的框架。 |
| ● |
| 相关链接 |
|
|
|
|
正题名:非物质文化遗产的档案价值与开发研究
索取号:G279.2/245
 
预约/预借
| 序号 | 登录号 | 条形码 | 馆藏地/架位号 | 状态 | 备注 |
| 1 | 1364665 | 213646651 | 第一样本阅览室/ [索取号:G279.2/245] | 在馆 | |
| 2 | 1364666 | 213646660 | 第四借阅区/ [索取号:G279.2/245] | 在馆 | |
| 3 | 1364667 | 213646679 | 第四借阅区/ [索取号:G279.2/245] | 在馆 |